| 000 | 00959nam a2200229 i 4500 | ||
|---|---|---|---|
| 001 | 70478 | ||
| 003 | ES-MaACL | ||
| 005 | 20250809044340.0 | ||
| 007 | t| | ||
| 008 | 040726s1971 sp |||| | spa d | ||
| 100 | 1 |
_aGarcía Valdecasas, Juan Guillermo. _955356 |
|
| 245 | 1 | 4 |
_aLas "Academias morales" de Antonio Enríquez Gómez _b: (críticas sociales y jurídicas en los versos de un judío español en el exilio) / _cGuillermo García Valdecasas ; prólogo de Francisco Elías de Tejada. |
| 260 |
_aSevilla : _bUniversidad de Sevilla, _c1971. |
||
| 300 |
_aX, 114 p. ; _c22 cm. |
||
| 490 | 1 |
_aAnales de la Universidad Hispalense. Serie derecho ; _v9 |
|
| 600 | 1 | 4 |
_aEnríquez Gómez, Antonio, _d1600-1663 _947290 |
| 700 | 1 |
_aElías de Tejada, Francisco. _946976 |
|
| 710 | 2 |
_aUniversidad de Sevilla. _97301 |
|
| 830 | 0 | 0 |
_aAnales de la Universidad Hispalense. _pDerecho _v9 _9183302 |
| 852 |
_aES-MaACL _jC-46239 |
||
| 999 |
_c70478 _d70478 |
||